| 000 | 00363 a2200169 4500 | ||
|---|---|---|---|
| 001 | 182506 | ||
| 020 | _a85-01-02131-8 | ||
| 040 | _cMagnum | ||
| 100 | _aCosta, Marco Tulio | ||
| 240 | 1 | 0 |
_aO ladrão de palavras _lpor |
| 245 | 1 | 0 | _aO ladrão de palavras |
| 300 | _a152 | ||
| 362 | 0 | _a1997 | |
| 440 | 1 | _aRecord | |
| 697 | _aLITERATURA JUVENIL | ||
| 942 | _cBK | ||
| 999 |
_c182506 _d182506 |
||